<?xml version="1.0" encoding="UTF-8"?><?xml-stylesheet type="text/xsl" href="static/style.xsl"?><OAI-PMH xmlns="http://www.openarchives.org/OAI/2.0/" xmlns:xsi="http://www.w3.org/2001/XMLSchema-instance" xsi:schemaLocation="http://www.openarchives.org/OAI/2.0/ http://www.openarchives.org/OAI/2.0/OAI-PMH.xsd"><responseDate>2026-05-17T05:43:35Z</responseDate><request verb="GetRecord" identifier="oai:repisalud.isciii.es:20.500.12105/17531" metadataPrefix="marc">https://repisalud.isciii.es/rest/oai/request</request><GetRecord><record><header><identifier>oai:repisalud.isciii.es:20.500.12105/17531</identifier><datestamp>2024-05-21T11:02:17Z</datestamp><setSpec>com_20.500.12105_2203</setSpec><setSpec>com_20.500.12105_2202</setSpec><setSpec>col_20.500.12105_19505</setSpec></header><metadata><record xmlns="http://www.loc.gov/MARC21/slim" xmlns:dcterms="http://purl.org/dc/terms/" xmlns:doc="http://www.lyncode.com/xoai" xmlns:xsi="http://www.w3.org/2001/XMLSchema-instance" xsi:schemaLocation="http://www.loc.gov/MARC21/slim http://www.loc.gov/standards/marcxml/schema/MARC21slim.xsd">
   <leader>00925njm 22002777a 4500</leader>
   <datafield ind2=" " ind1=" " tag="042">
      <subfield code="a">dc</subfield>
   </datafield>
   <datafield ind2=" " ind1=" " tag="720">
      <subfield code="a">Instituto de Salud Carlos III. Centro Nacional de Epidemiología</subfield>
      <subfield code="e">author</subfield>
   </datafield>
   <datafield ind2=" " ind1=" " tag="260">
      <subfield code="c">2022-10-02</subfield>
   </datafield>
   <datafield ind2=" " ind1=" " tag="520">
      <subfield code="a">Esta temporada, la circulación del virus de la gripe se ha manifestado en forma de dos ondas epidémicas, la segunda de mayor intensidad que la primera, según el conjunto de indicadores epidemiológicos y virológicos, y de presentación más tardía y duradera que en otras temporadas. Las mayores incidencias de gripe en Atención Primaria se observaron en menores de 15 años. Las tasas de hospitalización por gripe confirmaron una mayor afectación grave en los pacientes con gripe de 80 o más años. En general la carga hospitalaria de gripe fue menor que en las tres temporadas previas a la pandemia de COVID-19, una comparación limitada por la diferencia de sistemas de vigilancia implicados.</subfield>
   </datafield>
   <datafield ind1="8" ind2=" " tag="024">
      <subfield code="a">Informe elaborado por el Grupo de Vigilancia de la Gripe. Red Nacional de Vigilancia Epidemiológica. Servicio de Vigilancia Epidemiológica. Centro Nacional de Epidemiología.</subfield>
   </datafield>
   <datafield ind1="8" ind2=" " tag="024">
      <subfield code="a">http://hdl.handle.net/20.500.12105/17531</subfield>
   </datafield>
   <datafield tag="653" ind2=" " ind1=" ">
      <subfield code="a">Gripe</subfield>
   </datafield>
   <datafield tag="653" ind2=" " ind1=" ">
      <subfield code="a">Vigilancia epidemiológica</subfield>
   </datafield>
   <datafield ind2="0" ind1="0" tag="245">
      <subfield code="a">Informe SiVIRA de Vigilancia de gripe, COVID-19 y VRS España, temporada 2021-2022. (Desde la semana 40/2021 hasta la semana 39/2022)</subfield>
   </datafield>
</record></metadata></record></GetRecord></OAI-PMH>